| 000 | 00344nam a2200145Ia 4500 | ||
|---|---|---|---|
| 008 | 230917s9999||||xx |||||||||||||| ||und|| | ||
| 040 |
_e112397 _aMAIN |
||
| 041 | _aEnglish | ||
| 082 | _a181.4 S81N | ||
| 100 | _aSushma | ||
| 245 | 0 | _aNastik darshanon mein dukh vivechan | |
| 260 |
_aRohtak _bM. D. U _c2005 |
||
| 300 | _a65 p. | ||
| 942 | _cBK | ||
| 999 |
_c124687 _d124687 |
||